| 000 | 00395nam a2200145 i 4500 | ||
|---|---|---|---|
| 001 | bg | ||
| 100 | 1 | _aJURCZAK, J. | |
| 245 | 0 |
_aBibliografia martyrologii ludnoĊci i wyzwolenia Pomorza Zachodniego (1939-1945) / _cJ. Jurczak, T. Matejko. |
|
| 260 |
_aKoszalin, _c1980. |
||
| 700 | 1 | _aMATEJKO, T. | |
| 040 | _cBPK | ||
| 041 | _apol | ||
| 942 | _cKS | ||
| 008 | s pl f |000 0 pol | ||
| 999 |
_c18327 _d18327 |
||
| 856 |
_uhttp://koha.tu.koszalin.pl/cgi-bin/koha/opac-detail.pl?biblionumber=18327 _yKatalog online BPK |
||